000 01088nam a2200301 i 4500
003 EG-GICUC
005 20260314093723.0
008 260128s1969 ua |||fr|||| 00| 0 ara d
040 _a EG-GICUC
_bara
_c EG-GICUC
_d EG-GICUC
_erda
041 0 _aAra
082 0 4 _221
_a343
_bس ع . م
092 0 4 _221
099 _aLaw1 10 343 س ع . م 1969
100 0 _aسعيد محمود السيد
_eمؤلف.
245 1 2 _aالموسوعة الجنائية.
_nالمجلد الأول /
_cتأليف سعيد محمود السيد، فتحى السيد لاشين.
264 1 _aالقاهرة :
_bدار الفكر الإشتراكى،
_c1969.
300 _a754 صفحة؛
_c24 سم.
336 _2rda content
_atext
337 _2rda media
_aComputer
338 _2rda carrier
_aOnline Resource
546 _aالنص باللغة العربية
650 1 _aالعلوم الجنائية
_2qrmak
650 1 _aالقانون الجنائى
_2qrmak
651 1 _2qrmak
856 4 0 _uhttps://fll.law.cu.edu.eg/fulltext/bks/B10-08723.pdf
905 _a54
942 _2ddc
_cBK
_e21
_n0
999 _c59964
_d59964